Music Quiz

Random Music or Album Quiz

Lil Wayne songs by lyrics Quiz Stats

 Plays Quiz not verified by Sporcle

Score 0/22 Timer 10:00
0 Plays Today
Lyrics Song % Correct
Ive got ice in my veins, blood in my eyes, hate in my heart, love in my mind, I seen nights full of pain, days of the same, you keep the sunshine, save me the rain...Drop the World
73.4%
Look at that bastard Weezy, he's a beast he's a dog he's a m**********n problem, okay your a goon but what's a goon to a goblin?...A Milli
66.6%
Young Wayne on them h**s, a.k.a. Mr. make it rain on the h**s...Got Money
56.3%
As the world spin and dance in my hand, life is a beach I'm just playin in the sand...Right Above It
55.7%
I got summer hatin on me cuz I'm hotter than the sun, got spring hatin on me cuz I ain't never sprung, got winter hatin on me cuz I'm colder than y'all, and I will never, I will neMr. Carter
55.7%
We are not the same I am a Martian...Phone Home
48.9%
get on my level, you can't get on my level you will need a space shuttle or a ladder thats forever...3 Peat
42.9%
un f****n believable, Little Wayne's the president, f*** em f*** em even if they celebrateI'm Me
42.3%
Young Money, syrup in the big shot, time to do my thing that's word to your wrist watch....Ice Cream Paint Job
39.7%
I'm bout to take em to New Orleans and bake em, yeah its hot down here take a walk with Satan...Fireman
33.7%
Ay it's Cash Money records man a lawless game...Go DJ
29.7%
Lyrics Song % Correct
Just do it, my n***a I just did, name a m**********r deeper than me b***h dead...I Am Not a Human Being
23.1%
I'm the young god, swagga un-flawed, b***h I'm in the buildin, you in the front yard...Gonorrhea
23.1%
Tiger Woods all these h**s try to birdie these balls...Swag Surfin
22%
I got paper to reel in, God I hope they snappin at the end of my rod, and I hope I'm fishin in the right pond, and I hope you catchin on to every line...Who am I? (Title) Best Rapper Alive
21.7%
How the hell you ain't here to see your prince do his thing? Sometimes i wanna drop a tear but no emotions from a king...Hustler Musik
13.1%
I just do my Wayne and everytime I do it I do my thing...Let The Beat Build
11.4%
U better keep payin me, cuz u don't want my problems, I be wildin like Capital One, 'What is in your wallet'..You Ain't Got Nothin
8.6%
and I are, the illest n***a Martin Luther King died for...Love Me or Hate Me
7.7%
We like to dress up all black up in my residence, ain't got on no suits, cuz we ain't tryin to be presidents...Tha Block is Hot
5.4%
I'm Cash Money, Makaveli, y'all ain't ready...Bring it Back
4.6%
You see me? I eat, sleep, s**t, and talk snaps so f**k rap...500 Degreez
3.7%

You're not logged in!

Compare scores with friends on all Sporcle quizzes.
OR
Log In

Show Comments

Extras

Top Quizzes Today


Score Distribution

Your Account Isn't Verified!

In order to create a playlist on Sporcle, you need to verify the email address you used during registration. Go to your Sporcle Settings to finish the process.

Report this User

Report this user for behavior that violates our Community Guidelines.

Details: